Suomalaiset hiihdon MM-mitalistit 1950-2025 - Statistics

Yleistilastot
  • Tätä visaa on pelattu 207 kertaa
    95 viimeisimmän päivityksen jälkeen
  • Keskiarvotulos 26 / 79
Vastaustilastot
Kultaa Hopeaa Pronssia % Oikein
Lahti 2017 Lahti 2017Seefeld 2019 Iivo Niskanen IN
96%
Falun 2015Lahti 2017 Kerttu Niskanen KN
96%
Lahti 1978 Lahti 1989 x 2 Seefeld 1985 x 2Lahti 1989 Val di Fiemme 1991 Falun 1993 Marja-Liisa Kirvesniemi M-LK
83%
Sapporo 2007Liberec 2009 Oslo 2011 Liberec 2009Oslo 2011 x 2 Falun 2015 Lahti 2017 Aino-Kaisa Saarinen A-KS
80%
Trondheim 1997Ramsau 1999 x 3 Trondheim 1997 x 2Ramsau 1999 Thunder Bay 1995Trondheim 1997 Mika Myllylä MM
80%
Lahti 2001Sapporo 2007 Liberec 2009 Oberstdorf 2005 Sapporo 2007 Virpi Kuitunen VK
80%
Oberstdorf 2021Planica 2023 Trondheim 2025 Ristomatti Hakola RH
79%
Oslo 2011Lahti 2017 Oslo 2011Val di Fiemme 2013 Falun 2015 Lahti 2017 Oberstdorf 2021 Krista Pärmäkoski KP
78%
Trondheim 2025 Trondheim 2025 Lauri Vuorinen LV
78%
Lahti 1989 Lahti 1989Thunder Bay 1995 Trondheim 1997 Oslo 1982 x 2Seefeld 1985 Val di Fiemme 1991 Harri Kirvesniemi HK
77%
Oslo 2011 Liberec 2009 x 2Lahti 2017 Matti Heikkinen MH
77%
Liberec 2009 x 2Lahti 2017 Sami Jauhojärvi SJ
77%
Innsbruck 1976 Falun 1974 Lahti 1978 Lake Placid 1980 x 2 Lahti 1978 Oslo 1982 Juha Mieto JM
75%
Sapporo 2007Liberec 2009 Oberstdorf 2005 Oslo 2011Falun 2015 Oberstdorf 2021 Riitta-Liisa Roponen R-LR
75%
Planica 2023 Perttu Hyvärinen PH
70%
Oberstdorf 2021 Joni Mäki JM
68%
Oberstforf 1987Lahti 1989 Oberstdorf 1987Lahti 1989 Lahti 1989 x 2 Marjo Matikainen MM
68%
Lahti 2001Sapporo 2007 Liberec 2009 Oberstdorf 2005 Liberec 2009Oslo 2011 Pirjo Muranen PM
68%
Oberstdorf 2021 Jasmi Joensuu JJ
65%
Thunder Bay 1995Trondheim 1997 Val di Fiemme 1991Thunder Bay 1995 Jari Isometsä JI
63%
Oberstdorf 2021 Johanna Matintalo JM
59%
Oslo 1952 Falun 1954 x 2 Cortina 1956 Lahti 1958 Falun 1954 x 2 Cortina 1956 x 2 Lahti 1958 Squaw Valley 1960 x 2 Lahti 1958 Squaw Valley 1960 VeikkoHakulinen VH
56%
Planica 2023 Niko Anttola NA
53%
Cortina 1956 Falun 1954 x 2 Lahti 1958 Oslo 1952 Lahti 1958 Zakopane 1962 SiiriRantanen SR
52%
Liberec 2009 x 2 Ville Nousiainen VN
51%
Squaw Valley 1960 Zakopane 1962 Innsbruck 1964 x 2 Oslo 1966 Zakopane 1962 Innsbruck 1964 Oslo 1966 Grenoble 1968 Oslo 1966 Grenoble 1968 x 2 EeroMäntyranta EM
42%
Innsbruck 1976 Lahti 1978 x 2 Sapporo 1972 Innsbruck 1976 x 2 Vysoké Tatry 1970 Falun 1974 Lahti 1978 Lake Placid 1980 HelenaTakalo HT
41%
Val di Fiemme 2013 Riikka Sarasoja-Lilja RS-L
41%
Lahti 2001 Kaisa Varis KV
38%
Lahti 1989 Lahti 1989 Lahti 1989 Pirkko Määttä PM
38%
Lahti 1958 Squaw Valley 1960 Lahti 1958 Zakopane 1962 KaleviHämäläinen KH
33%
Lahti 2017 Laura Mononen LM
33%
Liberec 2009 Teemu Kattilakoski TK
33%
Lahti 1989Thunder Bay 1995 Trondheim 1997 Val di Fiemme 1991 Jari Räsänen JR
28%
Seefeld 1985 Oslo 1982 Kari Härkönen KH
26%
Oslo 1952 LydiaWideman LW
26%
Falun 1993 Marjut Rolig MR
26%
Lahti 2001 Kati Sundqvist KS
25%
Lahti 1978
Sapporo 1972
Innsbruck 1976 Lahti 1978 Lake Placid 1980 x 2 Oslo 1982
Lahti 1978 Oslo 1982 Hilkka Riihivuori HR
23%
Innsbruck 1976 Lahti 1978 PerttiTeurajärvi PT
23%
Oberstdorf 1987Lahti 1989 Oslo 1982 Aki Karvonen AK
22%
Innsbruck 1976 ArtoKoivisto AK
22%
Trondheim 1997 Satu Salonen SS
21%
Lahti 1989 Jaana Savolainen JS
19%
Trondheim 1997 Kati Lehtonen KL
19%
Oslo 1952 Lake Placid 1950 HeikkiHasu HH
16%
Lahti 1989 Kari Ristanen KR
16%
Trondheim 1997 Tuulikki Pyykkönen TP
16%
Innsbruck 1964 Zakopane 1962 Innsbruck 1964 MirjaLehtonen ML
15%
Oslo 1952 UrpoKorhonen UK
15%
Vysoké Tatry 1970 Oslo 1966 Grenoble 1968 KaleviOikarainen KO
14%
Innsbruck 1976 Lahti 1978 MattiPitkänen MP
14%
Trondheim 1997 Riikka Sirviö RS
12%
Oslo 1952 Falun 1954 Oslo 1952 TapioMäkelä TM
10%
Innsbruck 1964 Oslo 1966 Lahti 1958 Innsbruck 1964 ArtoTiainen AT
9%
Thunder Bay 1995 Karri Hietamäki KH
9%
Cortina 1956 Oslo 1952 Falun 1954 Falun 1954 MirjaHietamies MH
9%
Lahti 1978 TainaImpiö TI
9%
Val di Fiemme 1991 Mika Kuusisto MK
7%
Cortina 1956 Falun 1954 SirkkaPolkunen SP
7%
Vysoké Tatry 1970 Sapporo 1972 x 2 Innsbruck 1976 Vysoké Tatry 1970 Sapporo 1972 MarjattaKajosmaa MK
6%
Oslo 1952 Lake Placid 1950 Oslo 1952 PaavoLonkila PL
6%
Squaw Valley 1960 ToimiAlatalo TA
6%
Falun 1954 Lake Placid 1950 Cortina 1956 Falun 1954 AugustKiuru AK
5%
Oslo 1966 Grenoble 1968 HannuTaipale HT
5%
Zakopane 1962 Innsbruck 1964 Oslo 1966 x 2 Grenoble 1968 KaleviLaurila KL
5%
Oslo 1952 EeroKolehmainen EK
4%
Lahti 1978 EskoLähtevänoja EL
4%
Falun 1954 Falun 1954 Cortina 1956 Lahti 1958 x 2 ArvoViitanen AV
2%
Innsbruck 1976 LiisaSuihkonen LS
2%
Innsbruck 1964 Vysoké Tatry 1970 SenjaPusula SP
2%
Lahti 1958 ToiniPöysti TP
2%
Squaw Valley 1960 Zakopane 1962 Innsbruck 1964 VäinöHuhtala VH
2%
Zakopane 1962 EevaRuoppa ER
1%
Cortina 1956 JormaKortelainen JK
1%
Innsbruck 1964 ToiniPöysti TP
1%
Lake Placid 1950 ViljoVellonen VV
1%
Zakopane 1962 PenttiPesonen PP
0%
Lahti 1958 PirkkoKorkee PK
0%
Ehtoja vastaavia visoja ei löytynyt
Tulosjakauma
Jokaisen tuloksen saaneiden osuus
Persentiili vastausten määrän mukaan
Tuloshistoriasi
Et ole pelannut tätä visaa sen viimeisimmän päivityksen jälkeen